<?xml version="1.0" encoding="UTF-8"?>
<record
    xmlns:xsi="http://www.w3.org/2001/XMLSchema-instance"
    xsi:schemaLocation="http://www.loc.gov/MARC21/slim http://www.loc.gov/standards/marcxml/schema/MARC21slim.xsd"
    xmlns="http://www.loc.gov/MARC21/slim">

  <leader>01584nam a2200277Ia 4500</leader>
  <datafield tag="999" ind1=" " ind2=" ">
    <subfield code="c">5492</subfield>
    <subfield code="d">5492</subfield>
  </datafield>
  <controlfield tag="003">OSt</controlfield>
  <controlfield tag="005">20200609124433.0</controlfield>
  <controlfield tag="008">191128s2011    sp ad  gr     000 0dspa d</controlfield>
  <datafield tag="020" ind1=" " ind2=" ">
    <subfield code="a">9788483196113</subfield>
  </datafield>
  <datafield tag="040" ind1=" " ind2=" ">
    <subfield code="a">CO-JMCR</subfield>
    <subfield code="c">CO-JMCR</subfield>
  </datafield>
  <datafield tag="041" ind1="0" ind2=" ">
    <subfield code="a">spa</subfield>
  </datafield>
  <datafield tag="082" ind1="0" ind2="4">
    <subfield code="a">330.1 / </subfield>
    <subfield code="b">T163g</subfield>
    <subfield code="2">23</subfield>
  </datafield>
  <datafield tag="100" ind1="1" ind2=" ">
    <subfield code="a">Tapia, Jos&#xE9; A., </subfield>
    <subfield code="e">autor</subfield>
    <subfield code="9">5215</subfield>
  </datafield>
  <datafield tag="245" ind1="1" ind2="0">
    <subfield code="a">La gran recesi&#xF3;n y el capitalismo del siglo XXI : </subfield>
    <subfield code="b">teor&#xED;as econ&#xF3;micas, explicaciones de la crisis y perspectivas de la econom&#xED;a mundial /</subfield>
    <subfield code="c">Jos&#xE9; A. Tapia y Rolando Astarita</subfield>
  </datafield>
  <datafield tag="260" ind1=" " ind2=" ">
    <subfield code="a">Madrid : </subfield>
    <subfield code="b">Los libros de la catarata : Centro de investigaci&#xF3;n para la paz, </subfield>
    <subfield code="c">2011</subfield>
  </datafield>
  <datafield tag="300" ind1=" " ind2=" ">
    <subfield code="a">277 p&#xE1;ginas : </subfield>
    <subfield code="b">gr&#xE1;ficos a blanco y negro ; </subfield>
    <subfield code="c">21 cm.</subfield>
  </datafield>
  <datafield tag="490" ind1=" " ind2=" ">
    <subfield code="a">Econom&#xED;a cr&#xED;tica y ecologismo social ; </subfield>
    <subfield code="v">8</subfield>
  </datafield>
  <datafield tag="504" ind1=" " ind2=" ">
    <subfield code="a">Bibliograf&#xED;a al final de cada cap&#xED;tulo</subfield>
  </datafield>
  <datafield tag="505" ind1=" " ind2=" ">
    <subfield code="a">Causas de las crisis -- Consumo, inversi&#xF3;n y teor&#xED;as econ&#xF3;micas -- Gasto p&#xFA;blico y ciclos econ&#xF3;micos -- Enron, citigroup y otras historias de grandes empresas -- Parches en los mercados financieros -- La crisis griega -- Econom&#xED;a real</subfield>
  </datafield>
  <datafield tag="520" ind1=" " ind2=" ">
    <subfield code="a">Explica desde diversas perspectivas el porqu&#xE9; y el c&#xF3;mo de lo que est&#xE1; pasando en la econom&#xED;a mundial desde la crisis financiera que comenz&#xF3; en el 2007 y que se convirti&#xF3; enuna recesi&#xF3;n fort&#xED;sima en la econom&#xED;a real de muchos pa&#xED;ses.</subfield>
  </datafield>
  <datafield tag="650" ind1="1" ind2="4">
    <subfield code="a">Relaciones econ&#xF3;micas internacionales </subfield>
    <subfield code="9">5216</subfield>
  </datafield>
  <datafield tag="650" ind1="2" ind2="4">
    <subfield code="a">Globalizaci&#xF3;n  </subfield>
    <subfield code="x">Crisis econ&#xF3;mica</subfield>
    <subfield code="9">5217</subfield>
  </datafield>
  <datafield tag="650" ind1="2" ind2="4">
    <subfield code="a">Ciclos econ&#xF3;micos </subfield>
    <subfield code="x">Capitalismo Teor&#xED;a econ&#xF3;mica</subfield>
    <subfield code="9">5218</subfield>
  </datafield>
  <datafield tag="700" ind1="1" ind2=" ">
    <subfield code="a">Astarita, Rolando, </subfield>
    <subfield code="e">autor</subfield>
    <subfield code="9">5219</subfield>
  </datafield>
  <datafield tag="942" ind1=" " ind2=" ">
    <subfield code="2">ddc</subfield>
    <subfield code="c">BK</subfield>
  </datafield>
  <datafield tag="952" ind1=" " ind2=" ">
    <subfield code="0">0</subfield>
    <subfield code="1">0</subfield>
    <subfield code="2">ddc</subfield>
    <subfield code="3">Donaci&#xF3;n--15/04/2018--</subfield>
    <subfield code="4">0</subfield>
    <subfield code="7">0</subfield>
    <subfield code="a">CPL</subfield>
    <subfield code="b">CPL</subfield>
    <subfield code="c">GEN</subfield>
    <subfield code="d">2019-11-28</subfield>
    <subfield code="e">Donaci&#xF3;n</subfield>
    <subfield code="g">0.00</subfield>
    <subfield code="l">0</subfield>
    <subfield code="o">330.1 / T163g </subfield>
    <subfield code="p">430001986</subfield>
    <subfield code="r">2024-05-16 00:00:00</subfield>
    <subfield code="t">Ej.1</subfield>
    <subfield code="w">2019-11-28</subfield>
    <subfield code="y">BK</subfield>
  </datafield>
</record>
